[Event "Oberliga Ost-A 2122"]
[Site "Germany"]
[Date "2022.07.09"]
[Round "6.5"]
[White "Heinz, Thomas"]
[Black "Rudolf, Matthias"]
[Result "0-1"]
[WhiteElo "2160"]
[BlackElo "2099"]
[PlyCount "64"]
[EventDate "2021.10.10"]
[EventType "team-tourn"]
[EventRounds "11"]
[EventCountry "GER"]
[SourceTitle "EXT 2023"]
[Source "ChessBase"]
[SourceDate "2022.10.05"]
[SourceVersion "1"]
[SourceVersionDate "2022.10.05"]
[SourceQuality "1"]
[WhiteTeam "Nickelhuette Aue"]
[BlackTeam "Dresden Gruen Weiss"]
[WhiteTeamCountry "GER"]
[BlackTeamCountry "GER"]

1. e4 e6 2. d4 d5 3. exd5 exd5 4. Bd3 Nf6 5. Bg5 Be7 6. Nf3 Bg4 7. Nbd2 Nbd7 8. Nf1 Ne4 9. Bxe7 Qxe7 10. Ne3 Ndf6 11. c3 c6 12. h3 Bh5 13. g4 Bg6 14. Ne5 Nd6 15. Bxg6 hxg6 16. Qd3 Nd7 17. Nxd7 Qxd7 18. 0-0-0 0-0-0 19. f3 Rde8 20. Rde1 Re6 21. h4 Qe7 22. h5 gxh5 23. Kd1 Re8 24. Ng2 hxg4 25. fxg4 Qg5 26. Rxe6 Rxe6 27. Qf3 Rf6 28. Rh8+ Kd7 29. Qe2 Ne4 30. Ne3 Rf2 31. Qe1 Rf3 32. Nxd5 Rf1 0-1

[Event "GER-ch Net Amateur Gr-A Vor3"]
[Site "Playchess.com INT"]
[Date "2020.04.16"]
[Round "8"]
[White "Boos, Markus"]
[Black "Rudolf, Matthias"]
[Result "1-0"]
[WhiteElo "1995"]
[BlackElo "1912"]
[PlyCount "135"]
[EventDate "2020.04.16"]
[EventType "swiss (blitz)"]
[EventRounds "9"]
[EventCountry "GER"]
[SourceTitle "CBM 195 Extra"]
[Source "ChessBase"]
[SourceDate "2020.05.31"]
[SourceVersion "1"]
[SourceVersionDate "2020.05.31"]
[SourceQuality "1"]

1. Nf3 Nf6 2. g3 g6 3. Bg2 Bg7 4. c4 c5 5. Nc3 0-0 6. d4 cxd4 7. Nxd4 Nc6 8. 0-0 a6 9. e4 d6 10. Nxc6 bxc6 11. e5 dxe5 12. Qxd8 Rxd8 13. Bxc6 Rb8 14. Bf3 Bb7 15. Bxb7 Rxb7 16. Rb1 Ng4 17. b3 Rd3 18. Nd5 e6 19. Ne3 Nh6 20. Rd1 Rxd1+ 21. Nxd1 Nf5 22. Bb2 Nd4 23. Kg2 Kf8 24. Nc3 Ke7 25. Ne4 f5 26. Ba3+ Kd8 27. Nc5 Rb6 28. Na4 Rc6 29. Rc1 Bh6 30. Rd1 Kc7 31. Bc1 Bxc1 32. Rxc1 e4 33. b4 e5 34. Rc3 g5 35. b5 axb5 36. cxb5 Rxc3 37. Nxc3 Kb6 38. a4 Ka5 39. h4 h6 40. hxg5 hxg5 41. Nd5 Kxa4 42. b6 Nc6 43. b7 Kb5 44. Ne7 Nb8 45. Nxf5 Kc6 46. Ne7+ Kxb7 47. Ng6 Nd7 48. Kh3 Kc6 49. Kg4 Kd5 50. Kxg5 e3 51. fxe3 Ke4 52. g4 Kxe3 53. Kf5 Kd4 54. g5 e4 55. Nf4 e3 56. g6 Ne5 57. g7 Nd3 58. Nxd3 Kxd3 59. g8Q e2 60. Qd5+ Ke3 61. Qe4+ Kd2 62. Qd4+ Kc2 63. Qe3 Kd1 64. Qd3+ Ke1 65. Kf4 Kf2 66. Qf3+ Ke1 67. Ke3 Kd1 68. Qxe2+ 1-0

[Event "GER-ch Net Amateur Gr-A Vor3"]
[Site "Playchess.com INT"]
[Date "2020.04.16"]
[Round "3"]
[White "Haack, Kevin"]
[Black "Rudolf, Matthias"]
[Result "0-1"]
[WhiteElo "1665"]
[BlackElo "1912"]
[PlyCount "146"]
[EventDate "2020.04.16"]
[EventType "swiss (blitz)"]
[EventRounds "9"]
[EventCountry "GER"]
[SourceTitle "CBM 195 Extra"]
[Source "ChessBase"]
[SourceDate "2020.05.31"]
[SourceVersion "1"]
[SourceVersionDate "2020.05.31"]
[SourceQuality "1"]

1. c4 Nf6 2. g3 d5 3. cxd5 Nxd5 4. Bg2 c6 5. d4 g6 6. e4 Nb6 7. Be3 Bg7 8. Nc3 Nc4 9. Nge2 Nxe3 10. fxe3 0-0 11. 0-0 Nd7 12. Qc2 Nf6 13. h3 Bd7 14. e5 Ne8 15. Rad1 Nc7 16. Qb3 Qc8 17. e4 Rb8 18. Kh2 e6 19. a4 Rd8 20. Qc2 Be8 21. Nb1 Qd7 22. Na3 b5 23. axb5 cxb5 24. b4 Rdc8 25. Qb3 Na8 26. Nc2 Nb6 27. Ne3 Nc4 28. Rc1 Nxe3 29. Qxe3 Rc4 30. Rxc4 bxc4 31. Qc3 Qb5 32. Rb1 a5 33. Rc1 axb4 34. Qxc4 Qxc4 35. Rxc4 b3 36. Nc3 Bh6 37. Bf1 b2 38. Nb1 Bc1 39. Kg2 Kf8 40. Kf2 Rb7 41. Rc2 Ba4 42. Rc8+ Ke7 43. Bd3 Rd7 44. Ra8 Bd1 45. Ke1 Bf3 46. Kf2 Rxd4 47. Ra7+ Kf8 48. Kxf3 Rxd3+ 49. Ke2 Rxg3 50. Ra8+ Kg7 51. h4 Rh3 52. Kd1 Rxh4 53. Nc3 Rh3 54. Nb1 Re3 55. Ra4 h5 56. Kc2 h4 57. Nc3 h3 58. Rd4 Re1 59. Rd1 Rxd1 60. Nxd1 h2 61. Nf2 g5 62. Kb1 Kg6 63. Kc2 Kh5 64. Kb1 Kh4 65. Nh1 g4 66. Nf2 g3 67. Nh1 g2 68. Nf2 g1Q 69. Kc2 Qxf2+ 70. Kb1 Qf4 71. Ka2 Qxe5 72. Kb1 Qxe4+ 73. Ka2 b1Q# 0-1

[Event "GER-ch Net Amateur Gr-A Vor3"]
[Site "Playchess.com INT"]
[Date "2020.04.16"]
[Round "9"]
[White "Rudolf, Matthias"]
[Black "Binding, Andreas"]
[Result "1-0"]
[WhiteElo "1912"]
[BlackElo "2050"]
[PlyCount "101"]
[EventDate "2020.04.16"]
[EventType "swiss (blitz)"]
[EventRounds "9"]
[EventCountry "GER"]
[SourceTitle "CBM 195 Extra"]
[Source "ChessBase"]
[SourceDate "2020.05.31"]
[SourceVersion "1"]
[SourceVersionDate "2020.05.31"]
[SourceQuality "1"]

1. e4 c5 2. Nf3 d6 3. d4 cxd4 4. Nxd4 Nf6 5. Nc3 a6 6. Be3 e6 7. f3 Be7 8. Qd2 0-0 9. 0-0-0 b5 10. Kb1 Bb7 11. g4 Qc7 12. h4 Nc6 13. Nxc6 Bxc6 14. Ne2 d5 15. e5 Nd7 16. Nd4 Nxe5 17. Nxc6 Qxc6 18. Qf2 Nc4 19. Bc1 Rac8 20. g5 e5 21. h5 Bc5 22. Qe2 Rfe8 23. Bh3 Rcd8 24. Rhg1 e4 25. Rgf1 d4 26. fxe4 Qxe4 27. Qf2 Re7 28. Bf5 Qe2 29. Qf4 Rde8 30. g6 f6 31. gxh7+ Kh8 32. Bg6 Rf8 33. h6 Ne3 34. hxg7+ Rxg7 35. Bxe3 Qxe3 36. Qf5 Qe7 37. Qd3 Qd6 38. Rde1 b4 39. Bf5 a5 40. Re6 Qd8 41. Rfe1 a4 42. Qc4 Bb6 43. Qxb4 Bc7 44. Qxa4 Be5 45. Re8 Rxe8 46. a3 Qb8 47. b4 Ra7 48. Qb3 Rd8 49. Rg1 Qd6 50. Rg8+ Rxg8 51. Qxg8# 1-0

[Event "GER-ch Net Amateur Gr-A Vor3"]
[Site "Playchess.com INT"]
[Date "2020.04.16"]
[Round "1"]
[White "Rudolf, Matthias"]
[Black "Troyke, Christian"]
[Result "0-1"]
[WhiteElo "1912"]
[BlackElo "2273"]
[PlyCount "82"]
[EventDate "2020.04.16"]
[EventType "swiss (blitz)"]
[EventRounds "9"]
[EventCountry "GER"]
[SourceTitle "CBM 195 Extra"]
[Source "ChessBase"]
[SourceDate "2020.05.31"]
[SourceVersion "1"]
[SourceVersionDate "2020.05.31"]
[SourceQuality "1"]

1. e4 c5 2. Nf3 g6 3. d4 cxd4 4. Nxd4 Bg7 5. Be3 Nc6 6. Nc3 Nf6 7. Nxc6 bxc6 8. e5 Nd5 9. Nxd5 cxd5 10. Qxd5 Rb8 11. Bc4 0-0 12. 0-0-0 d6 13. Bxa7 Be6 14. Qd3 Bxc4 15. Qxc4 Rc8 16. Qb3 Bxe5 17. Bb6 Qd7 18. a4 Rc6 19. a5 Rfc8 20. g3 Rxc2+ 21. Qxc2 Rxc2+ 22. Kxc2 Qa4+ 23. Kd3 Qb3+ 24. Ke2 Qxb2+ 25. Kf3 Qb5 26. Kg2 h5 27. h4 Qc6+ 28. Kh2 Qa4 29. Rhe1 Qa2 30. Kg1 e6 31. Rc1 Kg7 32. Rc8 Qd2 33. Rf1 Qd3 34. Ra8 Qd5 35. Rc8 Qb5 36. Ra8 g5 37. hxg5 h4 38. gxh4 Qb4 39. f3 Qxh4 40. a6 Qg3+ 41. Kh1 Qh2# 0-1

[Event "GER-ch Net Amateur Gr-A Vor2"]
[Site "Playchess.com INT"]
[Date "2020.04.15"]
[Round "5"]
[White "Boder, Jan"]
[Black "Rudolf, Matthias"]
[Result "1-0"]
[WhiteElo "1932"]
[BlackElo "1904"]
[PlyCount "61"]
[EventDate "2020.04.15"]
[EventType "swiss (blitz)"]
[EventRounds "9"]
[EventCountry "GER"]
[SourceTitle "CBM 196 Extra"]
[Source "ChessBase"]
[SourceDate "2020.07.31"]
[SourceVersion "1"]
[SourceVersionDate "2020.07.31"]
[SourceQuality "1"]

1. b3 c5 2. Bb2 Nc6 3. e3 e6 4. f4 Nf6 5. Nf3 Be7 6. Bb5 Qc7 7. 0-0 a6 8. Bxc6 Qxc6 9. Ne5 Qc7 10. d3 b5 11. Nd2 Bb7 12. Ng4 Qc6 13. e4 d6 14. a4 0-0 15. Nxf6+ Bxf6 16. Bxf6 gxf6 17. Qh5 Kh8 18. Qh4 Rg8 19. Qxf6+ Rg7 20. Rf3 Rag8 21. axb5 axb5 22. Rg3 c4 23. bxc4 bxc4 24. Nxc4 Qc5+ 25. Kh1 d5 26. Ne5 Qc7 27. Rh3 Rf8 28. Ng6+ Kg8 29. Ne7+ Kh8 30. Rg3 Qc3 31. Qxc3 1-0

[Event "GER-ch Net Amateur Gr-A Vor2"]
[Site "Playchess.com INT"]
[Date "2020.04.15"]
[Round "1"]
[White "Hund, Sarah"]
[Black "Rudolf, Matthias"]
[Result "0-1"]
[WhiteElo "1552"]
[BlackElo "1908"]
[PlyCount "122"]
[EventDate "2020.04.15"]
[EventType "swiss (blitz)"]
[EventRounds "9"]
[EventCountry "GER"]
[SourceTitle "CBM 196 Extra"]
[Source "ChessBase"]
[SourceDate "2020.07.31"]
[SourceVersion "1"]
[SourceVersionDate "2020.07.31"]
[SourceQuality "1"]

1. e4 c5 2. Nc3 a6 3. a4 Nc6 4. Bc4 e6 5. d3 g6 6. f4 d6 7. Nf3 Bg7 8. 0-0 Nge7 9. Qe1 Rb8 10. Kh1 Nd4 11. Nxd4 cxd4 12. Ne2 b5 13. axb5 axb5 14. Bb3 0-0 15. Qh4 Nc6 16. Qh3 Na5 17. Ba2 b4 18. Ng3 b3 19. cxb3 Nxb3 20. Bxb3 Rxb3 21. Ra3 Rxa3 22. bxa3 Ba6 23. Ne2 f5 24. exf5 gxf5 25. Re1 Qa5 26. Qg3 Kh8 27. Qf2 Qd5 28. Bb2 e5 29. Nc1 e4 30. dxe4 fxe4 31. Qc2 Rxf4 32. Ne2 Rf2 33. Qd1 e3 34. Rg1 Bxe2 35. Qc2 Qc4 36. Qe4 Bd3 37. Qe8+ Qg8 38. Qd7 e2 39. Qxd6 Rf1 40. Bxd4 h6 41. Qxh6+ Qh7 42. Bxg7+ Kg8 43. Qe6+ Kxg7 44. Qe7+ Rf7 45. Qe5+ Kf8 46. Qd6+ Re7 47. Qd8+ Re8 48. Qf6+ Qf7 49. Qd6+ Re7 50. Qd8+ Kg7 51. Qxd3 e1Q 52. Qd4+ Qe5 53. Qg4+ Qg6 54. Qc4 Rf7 55. h3 Qeg3 56. a4 Qh6 57. Qd4+ Kh7 58. Qe4+ Qhg6 59. Qd5 Rg7 60. a5 Qxh3+ 61. gxh3 Qxg1# 0-1

[Event "GER-ch Net Amateur Gr-A Vor2"]
[Site "Playchess.com INT"]
[Date "2020.04.15"]
[Round "6"]
[White "Rudolf, Matthias"]
[Black "Lang, Alexander"]
[Result "1-0"]
[WhiteElo "1889"]
[BlackElo "1755"]
[PlyCount "103"]
[EventDate "2020.04.15"]
[EventType "swiss (blitz)"]
[EventRounds "9"]
[EventCountry "GER"]
[SourceTitle "CBM 196 Extra"]
[Source "ChessBase"]
[SourceDate "2020.07.31"]
[SourceVersion "1"]
[SourceVersionDate "2020.07.31"]
[SourceQuality "1"]

1. e4 c6 2. d3 d5 3. Nd2 Nf6 4. Ngf3 Bg4 5. h3 Bxf3 6. Qxf3 e6 7. c3 Be7 8. d4 dxe4 9. Nxe4 Nxe4 10. Qxe4 Qd5 11. Bd3 Nd7 12. 0-0 Nf6 13. Qe2 Bd6 14. Bd2 Bc7 15. Rfe1 Qd6 16. g3 0-0-0 17. Bf4 Qd5 18. Bxc7 Kxc7 19. Be4 Qh5 20. Qxh5 Nxh5 21. Bg2 Rhe8 22. Re5 Nf6 23. Rae1 Nd5 24. Kf1 Kd6 25. R5e2 b6 26. a3 Re7 27. c4 Nc7 28. f4 f6 29. Be4 g6 30. Bb1 Rde8 31. b4 c5 32. dxc5+ bxc5 33. b5 e5 34. a4 Kd7 35. a5 exf4 36. gxf4 Rxe2 37. Rxe2 Rxe2 38. Kxe2 Ne6 39. Ke3 Nd4 40. Be4 Kc7 41. h4 f5 42. Bd5 Nc2+ 43. Kd3 Nd4 44. Bg8 h6 45. Bh7 g5 46. fxg5 hxg5 47. hxg5 Kd6 48. Bg8 f4 49. Bd5 Nf5 50. b6 axb6 51. a6 Ne7 52. a7 1-0

[Event "GER-ch Net blitz qual5"]
[Site "Playchess.com INT"]
[Date "2020.03.28"]
[Round "10"]
[White "Ahlberg, Matthias"]
[Black "Rudolf, Matthias"]
[Result "1-0"]
[WhiteElo "2207"]
[BlackElo "2094"]
[PlyCount "57"]
[EventDate "2020.03.28"]
[EventType "swiss (blitz)"]
[EventRounds "13"]
[EventCountry "GER"]
[SourceTitle "CBM 195 Extra"]
[Source "ChessBase"]
[SourceDate "2020.05.31"]
[SourceVersion "1"]
[SourceVersionDate "2020.05.31"]
[SourceQuality "1"]

1. e4 c5 2. Nc3 a6 3. g3 b5 4. Bg2 Bb7 5. d3 e6 6. Nf3 Nf6 7. Bg5 Be7 8. 0-0 d5 9. e5 Nfd7 10. Bxe7 Qxe7 11. d4 c4 12. Ne2 Nc6 13. c3 a5 14. h4 h6 15. Nh2 Nb6 16. f4 g6 17. Ng4 Nd7 18. Qc2 h5 19. Ne3 Nb6 20. Kh2 b4 21. Ng1 a4 22. Nf3 b3 23. axb3 axb3 24. Qd2 Kd7 25. Ng5 Rhb8 26. Nh7 Ke8 27. Nf6+ Kf8 28. f5 Rxa1 29. Nexd5 1-0

[Event "GER-ch Net blitz qual5"]
[Site "Playchess.com INT"]
[Date "2020.03.28"]
[Round "2"]
[White "Rudolf, Matthias"]
[Black "Mueller, Adrian"]
[Result "0-1"]
[WhiteElo "2094"]
[BlackElo "1975"]
[PlyCount "90"]
[EventDate "2020.03.28"]
[EventType "swiss (blitz)"]
[EventRounds "13"]
[EventCountry "GER"]
[SourceTitle "CBM 195 Extra"]
[Source "ChessBase"]
[SourceDate "2020.05.31"]
[SourceVersion "1"]
[SourceVersionDate "2020.05.31"]
[SourceQuality "1"]

1. e4 c5 2. Nf3 Nf6 3. Nc3 Nc6 4. d4 d5 5. exd5 Nxd5 6. Nxd5 Qxd5 7. Be3 cxd4 8. Nxd4 Nxd4 9. Qxd4 Qxd4 10. Bxd4 f6 11. Bb5+ Kf7 12. Bc4+ Kg6 13. f4 e5 14. fxe5 fxe5 15. Bc3 Bg4 16. h3 Bf5 17. 0-0-0 Rc8 18. Bb3 b5 19. Rhf1 Bc5 20. g4 Be4 21. Bxe5 Rhf8 22. h4 h5 23. g5 Be3+ 24. Kb1 Rcd8 25. a3 Bc5 26. Ka2 a5 27. Rxd8 Rxf1 28. Rd7 Bf8 29. a4 bxa4 30. Bxa4 Bf5 31. Ra7 Be6+ 32. Bb3 Bxb3+ 33. Kxb3 Rf5 34. Bc3 Bc5 35. Rxa5 Bf2 36. Rxf5 Kxf5 37. Bxg7 Bxh4 38. Bd4 Bxg5 39. c4 h4 40. c5 h3 41. Bg1 Be3 42. Kc4 Bxg1 43. b4 h2 44. b5 h1Q 45. c6 Qe4+ 0-1

[Event "GER-ch Net blitz qual5"]
[Site "Playchess.com INT"]
[Date "2020.03.28"]
[Round "8"]
[White "Zhou, Lepu Coco"]
[Black "Rudolf, Matthias"]
[Result "0-1"]
[WhiteElo "1872"]
[BlackElo "2094"]
[PlyCount "92"]
[EventDate "2020.03.28"]
[EventType "swiss (blitz)"]
[EventRounds "13"]
[EventCountry "GER"]
[SourceTitle "CBM 195 Extra"]
[Source "ChessBase"]
[SourceDate "2020.05.31"]
[SourceVersion "1"]
[SourceVersionDate "2020.05.31"]
[SourceQuality "1"]

1. e4 c5 2. Nf3 e6 3. c4 Nc6 4. Nc3 a6 5. Be2 Rb8 6. 0-0 g6 7. d4 cxd4 8. Nxd4 Bg7 9. Be3 Nge7 10. Nxc6 bxc6 11. Qd2 Bb7 12. Bf4 Rc8 13. Bd6 0-0 14. Qg5 Re8 15. Na4 Ra8 16. Qc5 Nc8 17. Rad1 Nxd6 18. Qxd6 Bc8 19. e5 Bf8 20. Qd4 Qa5 21. b3 Rb8 22. Nc3 Qc5 23. Qxc5 Bxc5 24. Ne4 Be7 25. Nd6 Bxd6 26. Rxd6 a5 27. Rfd1 Kf8 28. c5 Ra8 29. Bc4 Ke7 30. Kf1 Rd8 31. a3 Ba6 32. Bxa6 Rxa6 33. Ke2 Ra7 34. Kf3 Rb7 35. R6d3 h6 36. h4 Rg8 37. Kg4 Rgb8 38. f4 Rg8 39. h5 gxh5+ 40. Kxh5 Rxg2 41. Kxh6 Rb2 42. Kh7 R2xb3 43. Rd6 Rg3 44. a4 Ke8 45. Kh6 Rb2 46. Rh1 Rf2 0-1

[Event "GER-ch Net blitz qual4"]
[Site "Playchess.com INT"]
[Date "2020.03.23"]
[Round "9"]
[White "Agrest, Inna"]
[Black "Rudolf, Matthias"]
[Result "0-1"]
[WhiteElo "2260"]
[BlackElo "2094"]
[PlyCount "54"]
[EventDate "2020.03.23"]
[EventType "swiss (blitz)"]
[EventRounds "9"]
[EventCountry "GER"]
[SourceTitle "CBM 195 Extra"]
[Source "ChessBase"]
[SourceDate "2020.05.31"]
[SourceVersion "1"]
[SourceVersionDate "2020.05.31"]
[SourceQuality "1"]

1. e4 c5 2. Nf3 e6 3. d4 cxd4 4. Nxd4 Nf6 5. Nc3 Bb4 6. e5 Nd5 7. Bd2 Bxc3 8. bxc3 Qc7 9. f4 0-0 10. Qf3 f5 11. Be2 a6 12. 0-0 Nc6 13. Kh1 Nxd4 14. cxd4 Qxc2 15. Rfd1 b5 16. a4 b4 17. Bd3 Qb2 18. Qf2 Nc3 19. Rdc1 Bb7 20. Qe1 Ne4 21. Bxe4 Bxe4 22. Qf2 b3 23. h3 Rac8 24. Kh2 Rc2 25. Rd1 Rfc8 26. Qe3 Rxd2 27. Qxd2 Rc2 0-1

[Event "GER-ch Net blitz qual4"]
[Site "Playchess.com INT"]
[Date "2020.03.23"]
[Round "6"]
[White "Lerch, Martin Erik"]
[Black "Rudolf, Matthias"]
[Result "0-1"]
[WhiteElo "1861"]
[BlackElo "2094"]
[PlyCount "50"]
[EventDate "2020.03.23"]
[EventType "swiss (blitz)"]
[EventRounds "9"]
[EventCountry "GER"]
[SourceTitle "CBM 195 Extra"]
[Source "ChessBase"]
[SourceDate "2020.05.31"]
[SourceVersion "1"]
[SourceVersionDate "2020.05.31"]
[SourceQuality "1"]

1. e4 c5 2. Nc3 a6 3. f4 b5 4. Nf3 Bb7 5. d3 e6 6. g3 Nf6 7. Bg2 d5 8. e5 Nfd7 9. 0-0 Nc6 10. Ne2 Be7 11. c3 Qc7 12. d4 c4 13. g4 0-0-0 14. b3 f6 15. a4 g5 16. axb5 axb5 17. bxc4 dxc4 18. fxg5 fxe5 19. Nxe5 Ncxe5 20. dxe5 Nxe5 21. Qe1 Bc5+ 22. Kh1 Bxg2+ 23. Kxg2 Qb7+ 24. Kh3 Nf3 25. Qg3 Rd3 0-1

[Event "GER-ch Net blitz qual4"]
[Site "Playchess.com INT"]
[Date "2020.03.23"]
[Round "7"]
[White "Rudolf, Matthias"]
[Black "Ahlberg, Matthias"]
[Result "1-0"]
[WhiteElo "2094"]
[BlackElo "2207"]
[PlyCount "107"]
[EventDate "2020.03.23"]
[EventType "swiss (blitz)"]
[EventRounds "9"]
[EventCountry "GER"]
[SourceTitle "CBM 195 Extra"]
[Source "ChessBase"]
[SourceDate "2020.05.31"]
[SourceVersion "1"]
[SourceVersionDate "2020.05.31"]
[SourceQuality "1"]

1. e4 c6 2. d3 d5 3. Nd2 g6 4. Ngf3 Bg7 5. g3 Nf6 6. Bg2 0-0 7. 0-0 Bg4 8. h3 Bxf3 9. Bxf3 dxe4 10. Nxe4 Nxe4 11. Bxe4 Nd7 12. c3 Nc5 13. Qe2 Qd7 14. Rd1 Nxe4 15. dxe4 Qxh3 16. Be3 h5 17. Rd2 Be5 18. Qf1 Qg4 19. Qg2 Rfd8 20. Rxd8+ Rxd8 21. Bxa7 Rd2 22. Rb1 Qe2 23. Qf1 Qxe4 24. Be3 Rd6 25. Rd1 Qa4 26. Rxd6 exd6 27. a3 Qe4 28. Qe2 Kg7 29. Bh6+ Kxh6 30. Qxe4 f5 31. Qb4 b5 32. a4 bxa4 33. Qxa4 c5 34. b4 Bxc3 35. b5 d5 36. b6 c4 37. b7 Be5 38. Qe8 Bd6 39. Qd7 Bb8 40. Qxd5 c3 41. Qc5 f4 42. Qxc3 fxg3 43. fxg3 Kg5 44. Qc8 Bxg3 45. b8Q Bxb8 46. Qxb8 Kh4 47. Qf4+ Kh3 48. Qf3+ Kh4 49. Kg2 Kg5 50. Qg3+ Kh6 51. Kf3 g5 52. Qd6+ Kg7 53. Ke4 g4 54. Kf4 1-0

[Event "GER-ch Net blitz qual4"]
[Site "Playchess.com INT"]
[Date "2020.03.23"]
[Round "5"]
[White "Rudolf, Matthias"]
[Black "Svane, Frederik"]
[Result "0-1"]
[WhiteElo "2094"]
[BlackElo "2423"]
[PlyCount "114"]
[EventDate "2020.03.23"]
[EventType "swiss (blitz)"]
[EventRounds "9"]
[EventCountry "GER"]
[SourceTitle "CBM 195 Extra"]
[Source "ChessBase"]
[SourceDate "2020.05.31"]
[SourceVersion "1"]
[SourceVersionDate "2020.05.31"]
[SourceQuality "1"]

1. e4 c5 2. Nf3 Nc6 3. d4 cxd4 4. Nxd4 g6 5. Nc3 Bg7 6. Be3 Nf6 7. Nxc6 bxc6 8. e5 Ng8 9. Bd4 Nh6 10. e6 f6 11. exd7+ Bxd7 12. Bc4 Nf7 13. Qd2 0-0 14. 0-0-0 Bf5 15. Be3 Qc7 16. Na4 Rfd8 17. Qe2 e5 18. Nc5 Qe7 19. Rxd8+ Rxd8 20. Rd1 Rxd1+ 21. Qxd1 Bf8 22. Bd3 Bc8 23. Bc4 Kg7 24. Qd2 Qd6 25. Qxd6 Nxd6 26. Bd3 f5 27. f3 Kf6 28. Nb3 a6 29. Bxa6 Bxa6 30. Nc5 Bc8 31. b3 Be7 32. a4 e4 33. f4 Kf7 34. Kb2 Nb7 35. Na6 Nd8 36. Nc5 Ne6 37. Nxe6 Bxe6 38. c3 Bd8 39. b4 Bc4 40. Ka3 Ke6 41. g3 Bf6 42. Kb2 Kd5 43. a5 Ba6 44. Kb3 Bc4+ 45. Kb2 h6 46. h4 Be7 47. Ka3 c5 48. Bd2 Kc6 49. Ka4 Bb5+ 50. Ka3 Bd3 51. Kb3 Kb5 52. Be1 Bc4+ 53. Ka3 e3 54. Kb2 cxb4 55. cxb4 Bxb4 56. a6 Bxe1 57. a7 Bd5 0-1

[Event "GER-ch Net blitz qual4"]
[Site "Playchess.com INT"]
[Date "2020.03.23"]
[Round "4"]
[White "Schulz, Karsten"]
[Black "Rudolf, Matthias"]
[Result "1/2-1/2"]
[WhiteElo "2301"]
[BlackElo "2094"]
[PlyCount "122"]
[EventDate "2020.03.23"]
[EventType "swiss (blitz)"]
[EventRounds "9"]
[EventCountry "GER"]
[SourceTitle "CBM 195 Extra"]
[Source "ChessBase"]
[SourceDate "2020.05.31"]
[SourceVersion "1"]
[SourceVersionDate "2020.05.31"]
[SourceQuality "1"]

1. Nf3 Nf6 2. g3 g6 3. b3 Bg7 4. Bb2 0-0 5. Bg2 c5 6. c4 Nc6 7. 0-0 b6 8. d4 cxd4 9. Nxd4 Bb7 10. Nc3 a6 11. Rc1 Qc7 12. Nd5 Qd8 13. Nxf6+ Bxf6 14. Nxc6 Bxc6 15. Bxf6 exf6 16. Qd2 Qe7 17. Rfd1 Rfe8 18. e3 Rad8 19. Bd5 Bxd5 20. Qxd5 Qe6 21. Kg2 Kf8 22. Rd4 Qxd5+ 23. Rxd5 d6 24. Rcd1 Ke7 25. f4 f5 26. Kf3 Rd7 27. h3 Rb8 28. g4 fxg4+ 29. hxg4 h5 30. gxh5 gxh5 31. Rxh5 b5 32. c5 dxc5 33. Rxd7+ Kxd7 34. Rxc5 Rb6 35. Ke4 Re6+ 36. Kd4 Rh6 37. a4 bxa4 38. bxa4 Rb6 39. Rd5+ Ke7 40. Ra5 Kd6 41. Kc4 Rc6+ 42. Kd4 Rb6 43. Rd5+ Ke6 44. Re5+ Kd6 45. a5 Rb1 46. Rh5 f6 47. Rf5 Ke6 48. Rc5 Kd6 49. Rh5 Ra1 50. Ke4 Ke6 51. Kf3 Ra3 52. Rc5 Kd6 53. Rh5 Ke6 54. Ke4 Ra4+ 55. Kd3 Ra3+ 56. Kd2 Ra2+ 57. Kc3 Ra3+ 58. Kd2 Ra2+ 59. Kd3 Ra3+ 60. Ke2 Ra2+ 61. Kf3 Ra3 1/2-1/2

[Event "GER-ch Net blitz qual3"]
[Site "Playchess.com INT"]
[Date "2020.03.21"]
[Round "6"]
[White "Goldschmidt, Raimar"]
[Black "Rudolf, Matthias"]
[Result "1/2-1/2"]
[WhiteElo "1800"]
[BlackElo "2094"]
[PlyCount "95"]
[EventDate "2020.03.21"]
[EventType "swiss (blitz)"]
[EventRounds "9"]
[EventCountry "GER"]
[SourceTitle "CBM 195 Extra"]
[Source "ChessBase"]
[SourceDate "2020.05.31"]
[SourceVersion "1"]
[SourceVersionDate "2020.05.31"]
[SourceQuality "1"]

1. e4 c5 2. Nc3 a6 3. d4 cxd4 4. Qxd4 Nc6 5. Qd2 d6 6. b3 Nf6 7. Bb2 g6 8. 0-0-0 Bg7 9. f3 0-0 10. g4 Be6 11. h4 h5 12. gxh5 Nxh5 13. Bh3 Be5 14. Kb1 Nd4 15. Bxe6 Nxe6 16. Nd5 Bxb2 17. Kxb2 Nc7 18. Nh3 Nxd5 19. exd5 Rc8 20. Nf4 Nxf4 21. Qxf4 Qa5 22. Rd3 Rc5 23. Qe4 Rfc8 24. Rh2 Qc7 25. Rdd2 Qd7 26. h5 Qf5 27. hxg6 Qxe4 28. gxf7+ Kxf7 29. fxe4 Ke8 30. Rh8+ Kd7 31. Rxc8 Rxc8 32. Re2 b5 33. Ka3 a5 34. b4 a4 35. Kb2 Rc4 36. a3 Rc8 37. Kc1 Rc3 38. Kb2 Rc8 39. c3 Rh8 40. Kc2 Rh1 41. e5 dxe5 42. Rxe5 Kd6 43. Rg5 Rh2+ 44. Kd3 Rh3+ 45. Kd2 Rh2+ 46. Kd3 Rh3+ 47. Kd2 Rh2+ 48. Kd3 1/2-1/2

[Event "GER-ch Net blitz qual3"]
[Site "Playchess.com INT"]
[Date "2020.03.21"]
[Round "1"]
[White "Rudolf, Matthias"]
[Black "Haack, Stefan"]
[Result "0-1"]
[WhiteElo "2094"]
[BlackElo "1881"]
[PlyCount "110"]
[EventDate "2020.03.21"]
[EventType "swiss (blitz)"]
[EventRounds "9"]
[EventCountry "GER"]
[SourceTitle "CBM 195 Extra"]
[Source "ChessBase"]
[SourceDate "2020.05.31"]
[SourceVersion "1"]
[SourceVersionDate "2020.05.31"]
[SourceQuality "1"]

1. e4 e5 2. Nf3 Nc6 3. Bc4 Nf6 4. d3 Be7 5. c3 d6 6. h3 0-0 7. 0-0 Be6 8. Bb3 a5 9. Bc2 b5 10. Re1 h6 11. Nbd2 Nh7 12. d4 exd4 13. cxd4 Nb4 14. Bb1 d5 15. a3 Nc6 16. e5 f5 17. Nf1 Ng5 18. Nxg5 Bxg5 19. f4 Bh4 20. g3 Be7 21. Ne3 b4 22. Qf3 Nxd4 23. Qd1 Bc5 24. Kg2 Qd7 25. Ba2 c6 26. Bd2 b3 27. Bb1 a4 28. Bd3 Rab8 29. Rc1 Ba7 30. Bb4 Rfe8 31. Bc5 Bxc5 32. Rxc5 Qa7 33. Rc3 c5 34. Qc1 Rbc8 35. Rf1 c4 36. Bb1 Nb5 37. g4 Nxc3 38. bxc3 d4 39. Nxf5 Qb7+ 40. Kh2 Bxf5 41. gxf5 d3 42. Rg1 b2 43. Qd1 Qb3 44. Qg4 Rc7 45. f6 Qxc3 46. Qh5 Qd2+ 47. Kh1 Rf8 48. Rxg7+ Rxg7 49. fxg7 Rxf4 50. Qe8+ Kxg7 51. Qe7+ Rf7 52. Qh4 Qd1+ 53. Kg2 Qf1+ 54. Kh2 Rf2+ 55. Kg3 Qg2# 0-1